Phá thai bằng thuốc: khả năng chấp nhận của phụ nữ tại thành phố Hồ Chí Minh

Na minha lista:
Detalhes bibliográficos
Autor principal: Hoàng, Thị Diễm Tuyết
Formato: Livro
Idioma:Undetermined
Assuntos:
Acesso em linha:http://lrc.tdmu.edu.vn/opac/search/detail.asp?aID=2&ID=25849
Tags: Adicionar Tag
Sem tags, seja o primeiro a adicionar uma tag!
Thư viện lưu trữ: Trung tâm Học liệu Trường Đại học Thủ Dầu Một
LEADER 00667nam a2200145Ia 4500
001 TDMU_25849
008 210410s9999 xx 000 0 und d
082 |a 616.766 
100 |a Hoàng, Thị Diễm Tuyết 
245 0 |a Phá thai bằng thuốc: khả năng chấp nhận của phụ nữ tại thành phố Hồ Chí Minh 
245 0 |c Hoàng Thị Diễm Tuyết 
300 |a Tr.35-37 
650 |a Y dược; Phá thai; Thuốc phá thai; Phụ nữ; Thành phố Hồ Chí Minh 
856 |u http://lrc.tdmu.edu.vn/opac/search/detail.asp?aID=2&ID=25849 
980 |a Trung tâm Học liệu Trường Đại học Thủ Dầu Một